| 000 | 00504nam a2200169 i 4500 | ||
|---|---|---|---|
| 001 | 63464 | ||
| 003 | ES-MaACL | ||
| 005 | 20230906164857.0 | ||
| 007 | t| | ||
| 008 | 031210s1970 sp ||||1| spa d | ||
| 100 | 1 |
_aFerrer Kutter, Carlos. _950480 |
|
| 245 | 1 | 0 |
_aCálculo de precios en las obras de albañilería / _cC. Ferrer Kutter. |
| 250 | _a3ª ed. ampl. y puesta al día. | ||
| 260 |
_aBarcelona : _bMonteso, _c1970. |
||
| 300 |
_aVIII, 400 p. ; _c22 cm. |
||
| 852 |
_aES-MaACL _jC-45237 _bR.74526 |
||
| 999 |
_c63464 _d63464 |
||